00786cam a22002411 4500001001300000003000400013005001700017008004100034010001700075025001900092035001900111040002500130042001200155050001600167100002100183245014700204260002900351300003600380504004000416651003600456650003500492999001700527sa 66004220 DLC20260227112241.0740919s1964 ii c b 000 0 eng  asa 66004220  aPL480:I-E-5686 a(OCoLC)1015355 aDLCcOTUdOCoLCdDLC apremarc00aJQ211b.A571 aAggarwala, R. C.10aConstitutional history of India and national movement,bincluding the comparative study of the modern Indian Constitution,cby R.C. Aggarwala. aDelhi,bS. Chand,c1964. aiv, 342, 154 p.bports.c23 cm. aBibliography: p. [151]-154 (at end) 0aIndiaxPolitics and government. 0aConstitutional historyzIndia. c69289d69289